Fifty Under Fifty: Innovators of the 21st Century (Record no. 12052)

000 -LEADER
fixed length control field 00403 a2200145 4500
003 - CONTROL NUMBER IDENTIFIER
control field OSt
005 - DATE AND TIME OF LATEST TRANSACTION
control field 20240117162949.0
008 - FIXED-LENGTH DATA ELEMENTS--GENERAL INFORMATION
fixed length control field 240117b ||||| |||| 00| 0 eng d
020 ## - INTERNATIONAL STANDARD BOOK NUMBER
International Standard Book Number 9781864706000
082 ## - DEWEY DECIMAL CLASSIFICATION NUMBER
Classification number 724.7
Item number FAR
100 ## - MAIN ENTRY--PERSONAL NAME
Personal name Beverly Russell; Eva Maddox; Farooq Ameen
245 ## - TITLE STATEMENT
Title Fifty Under Fifty: Innovators of the 21st Century
260 ## - PUBLICATION, DISTRIBUTION, ETC. (IMPRINT)
Name of publisher, distributor, etc Images Publishing Dist Ac
Date of publication, distribution, etc 2015
942 ## - ADDED ENTRY ELEMENTS (KOHA)
Source of classification or shelving scheme
Holdings
Withdrawn status Lost status Source of classification or shelving scheme Damaged status Koha normalized classification for sorting Not for loan Permanent location Current location Date acquired Source of acquisition Cost, normal purchase price Full call number Barcode Date last seen Cost, replacement price Price effective from Koha item type
        724_700000000000000_FAR   BMS College of Architecture, Design and Planning BMS College of Architecture, Design and Planning 2024-01-17 10 3588.01 724.7 FAR AR-UG3371 2024-01-17 5125.73 2024-01-17 UG Books
Copyright © 2025, The Librarian, Library and Information Centre, BMSCA D&P, Bengaluru. All Rights Reserved
web counter

Powered by Koha